|
|
|
|
| LEADER |
01710nam a2200409 a 4500 |
| 001 |
41968 |
| 003 |
BD-DhAAL |
| 008 |
231129t2007 bg a b 001 0 eng d |
| 010 |
|
|
|a 2008319525
|
| 020 |
|
|
|a 9843000000240 (v. 2)
|
| 025 |
|
|
|a B-E-2008-319525; 22
|
| 037 |
|
|
|b Library of Congress -- New Delhi Overseas Office
|c Tk2250.00 ($75.00 U. S.) (set)
|
| 040 |
|
|
|a DLC
|c DLC
|d BD-DhAAL
|
| 042 |
|
|
|a lcode
|
| 043 |
|
|
|a a-bg---
|
| 050 |
0 |
0 |
|a HC440.8
|b .S623 2007
|
| 082 |
|
|
|a 330.9549205
|2 23
|
| 100 |
1 |
|
|a Sobhan, Rehman.
|
| 240 |
1 |
0 |
|a Essays
|
| 245 |
1 |
0 |
|a Milestones to Bangladesh /
|c Rehman Sobhan.
|
| 260 |
|
|
|a Dhaka :
|b Centre for Policy Dialogue,
|c 2007.
|
| 300 |
|
|
|a xxiii, 512 pages :
|b illustrations ;
|c 25 cm.
|
| 362 |
|
|
|a Vo. 2
|
| 490 |
|
|
|a Collected works of Rehman Sobhan
|
| 504 |
|
|
|a Includes bibliographical references and index.
|
| 505 |
0 |
|
|a v. 1. Challenging injustice : the odyssey of a Bangladeshi economist -- v. 2. Milestones to Bangladesh -- v. 3. Political economy of malgovernance in Bangladesh.
|
| 520 |
|
|
|a Collected essays of a Bangladeshi economist and public intelectual.
|
| 541 |
|
|
|a Complimentary copy from CPD
|e 41968
|
| 651 |
|
0 |
|a Bangladesh
|x Economic conditions.
|
| 651 |
|
0 |
|a Bangladesh
|x Politics and government.
|
| 651 |
|
0 |
|a Bangladesh
|x Social conditions.
|
| 710 |
2 |
|
|a Centre for Policy Dialogue (Bangladesh)
|
| 830 |
|
|
|a Collected works of Rehman Sobhan
|9 1565
|
| 852 |
|
|
|a Ayesha Abed Library
|c General Stacks
|
| 942 |
|
|
|2 ddc
|c BK
|
| 999 |
|
|
|c 46244
|d 46244
|
| 952 |
|
|
|0 0
|1 0
|2 ddc
|4 0
|6 330_954920500000000_SOB
|7 0
|9 74828
|a BRACUL
|b BRACUL
|c GEN
|d 2023-11-29
|e Complimentary copy from CPD
|g 750.00
|l 0
|o 330.9549205 SOB
|p 3010041968
|r 2023-11-29
|t 1
|w 2023-11-29
|y BK
|